Periodic Table Groups Click Quiz - Statistics

General Stats
  • This quiz has been taken 32 times
  • The average score is 12 of 22
Answer Stats
Hint Answer % Correct
Lithium Alkali Metal
70%
Fluorine Halogen
70%
Helium Noble Gas
70%
Xenon Noble Gas
70%
Sodium Alkali Metal
67%
Neon Noble Gas
67%
Titanium Transition Metal
67%
Potassium Alkali Metal
63%
Silver Transition Metal
63%
Iodine Halogen
60%
Iron Transition Metal
60%
Mercury Transition Metal
60%
Magnesium Alkaline-Earth Metal
57%
Chlorine Halogen
57%
Calcium Alkaline-Earth Metal
47%
Barium Alkaline-Earth Metal
43%
Arsenic Metalloid
43%
Curium Actinide
33%
Uranium Actinide
30%
Strontium Alkaline-Earth Metal
30%
Boron Metalloid
30%
Neodymium Lanthanide
23%
No matching quizzes found
Score Distribution
Percent of People with Each Score
Percentile by Number Answered
Your Score History
You have not taken this quiz